000 00495nam a2200193Ia 4500
005 20250423094508.0
008 250422s9999 xx 000 0 und d
020 _a9781118909508
050 _aNA 2750 .H35/
100 _aHall, Dennis J. and Giglio, Nina M.
245 0 _aArchitectural Graphic Standards
250 _a12th ed.
260 _aUK
260 _bWiley
260 _c2023
300 _a669 p
650 _aArchitectural design Architectural drawing--Standards
942 _cBK
999 _c27405
_d27405